[Event "43rd ch-IND"]
[Site "Visakhapatnam IND"]
[Date "2006.04.03"]
[Round "1"]
[White "Himanshu, Sh"]
[Black "Singh, DP."]
[Result "0-1"]
[WhiteElo "2411"]
[BlackElo "2395"]
[PlyCount "66"]
[EventDate "2006.04.03"]

1. e4 c5 2. Nf3 d6 3. d4 cxd4 4. Nxd4 Nf6 5. Nc3 a6 6. a4 e6 7. Be3 Qc7 8. Be2
Nc6 9. O-O Be7 10. f4 O-O 11. Kh1 Nd7 12. Qe1 Nf6 13. Rd1 d5 14. e5 Nd7 15. Qg3
Qd8 16. Bg4 Kh8 17. Qh3 h6 18. f5 Ndxe5 19. Bxh6 Kg8 20. Nxc6 bxc6 21. fxe6
gxh6 22. Rde1 fxe6 23. Qxh6 Bf6 24. Rf4 Ra7 25. Qh3 Nxg4 26. Qxg4+ Rg7 27. Qe2
e5 28. Rff1 e4 29. Nd1 Qd6 30. Kg1 Rh7 31. g3 Bd4+ 32. Kh1 Rxf1+ 33. Rxf1 Qxg3
0-1

[Event "43rd ch-IND"]
[Site "Visakhapatnam IND"]
[Date "2006.04.05"]
[Round "4"]
[White "Singh, DP."]
[Black "Sandipan, C."]
[Result "1/2-1/2"]
[WhiteElo "2395"]
[BlackElo "2522"]
[PlyCount "90"]
[EventDate "2006.04.03"]

1. e4 c5 2. Nf3 d6 3. d4 cxd4 4. Nxd4 Nf6 5. Nc3 a6 6. a4 e6 7. Be2 Nc6 8. Be3
Be7 9. O-O O-O 10. f4 Qc7 11. Kh1 Bd7 12. Nb3 b6 13. Bf3 Rfe8 14. Qe2 Nb4 15.
Rad1 Rac8 16. Qf2 Rb8 17. g4 Bc8 18. g5 Nd7 19. Nd4 Bf8 20. h4 g6 21. h5 Bb7
22. Qh2 e5 23. Nb3 exf4 24. Bxf4 Ne5 25. Be2 Nc4 26. Rd4 Nxb2 27. Rf3 Nxa4 28.
Rxb4 Nxc3 29. Rc4 Qe7 30. hxg6 hxg6 31. Rfxc3 Bxe4+ 32. Kg1 Bd5 33. Re3 Qd7 34.
Rd4 Rxe3 35. Bxe3 Qe6 36. Rd3 Bg7 37. Bd4 Bxd4+ 38. Nxd4 Qe4 39. c3 Re8 40. Rh3
Qe5 41. Qg3 a5 42. Bb5 Re7 43. Qh4 Qe1+ 44. Qxe1 Rxe1+ 45. Kf2 Re5 1/2-1/2

[Event "43rd ch-IND"]
[Site "Visakhapatnam IND"]
[Date "2006.04.06"]
[Round "5"]
[White "Ravi, L."]
[Black "Singh, DP."]
[Result "0-1"]
[WhiteElo "2423"]
[BlackElo "2395"]
[PlyCount "79"]
[EventDate "2006.04.03"]

1. d4 d5 2. c4 e6 3. Nc3 Nf6 4. Bf4 Bb4 5. Qb3 Nc6 6. e3 O-O 7. Nf3 Bd7 8. a3
dxc4 9. Bxc4 Bd6 10. Qd1 Bxf4 11. exf4 Na5 12. Be2 Bc6 13. b4 Bxf3 14. Bxf3 Nc6
15. Bxc6 bxc6 16. O-O a5 17. bxa5 Rxa5 18. g3 Qa8 19. Qf3 Rb8 20. Ne4 Nxe4 21.
Qxe4 Rd8 22. Rfc1 Rd6 23. Qe3 Ra4 24. Rd1 Qd8 25. Qc3 h5 26. h4 Qa8 27. Rd3 Qa7
28. Rad1 Ra5 29. Qb2 Rad5 30. Qc3 Qa4 31. Kh2 Rd8 32. Qb3 Qxb3 33. Rxb3 c5 34.
Rc3 R8d7 35. Rdc1 cxd4 36. Rxc7 Rxc7 37. Rxc7 d3 38. Rc1 Kh7 39. Kg2 Ra5 40.
Rc3 0-1

[Event "43rd ch-IND"]
[Site "Visakhapatnam IND"]
[Date "2006.04.07"]
[Round "7"]
[White "Roy Chowdhury, S."]
[Black "Singh, DP."]
[Result "1-0"]
[WhiteElo "2393"]
[BlackElo "2395"]
[PlyCount "151"]
[EventDate "2006.04.03"]

1. e4 c5 2. Nf3 d6 3. Bc4 e6 4. O-O Nf6 5. d3 Be7 6. Re1 O-O 7. Bb3 b5 8. a4 b4
9. Nbd2 Nc6 10. Nc4 d5 11. exd5 exd5 12. Nce5 Nxe5 13. Nxe5 Bd6 14. Bg5 Be6 15.
a5 Qc7 16. Bxf6 gxf6 17. Ng4 Kg7 18. Qf3 f5 19. Ne3 c4 20. dxc4 dxc4 21. Nxf5+
Bxf5 22. Qxf5 Bxh2+ 23. Kh1 cxb3 24. Qg5+ Kh8 25. Qf6+ Kg8 26. Re4 Qd7 27. f3
Bc7 28. Rg4+ Qxg4 29. fxg4 bxc2 30. Qg5+ Kh8 31. Qd2 Be5 32. Qxc2 Rg8 33. Re1
Bg3 34. Rf1 Rxg4 35. Qc6 Rf8 36. Qf6+ Kg8 37. Kg1 Rg6 38. Qf5 a6 39. Rf3 Kh8
40. Qd3 Be5 41. b3 Rfg8 42. Qe2 Rxg2+ 43. Qxg2 Rxg2+ 44. Kxg2 Kg7 45. Rf5 f6
46. Kf3 Kg6 47. Kg4 Kf7 48. Rh5 Kg6 49. Rf5 Kf7 50. Rf1 Ke6 51. Kf3 Bc7 52. Ke4
h5 53. Rh1 Bxa5 54. Rxh5 Bc7 55. Rc5 Be5 56. Rc6+ Kf7 57. Kf5 Ke7 58. Rxa6 Kd7
59. Ke4 Ke7 60. Rc6 Bc3 61. Kd5 Kf7 62. Rc7+ Kg6 63. Ke6 Kg5 64. Rc4 Kh5 65.
Kf5 Kh6 66. Rc7 Be5 67. Rf7 Bd4 68. Rxf6+ Kg7 69. Rg6+ Kf7 70. Rd6 Bc3 71. Rd7+
Kf8 72. Ke6 Ke8 73. Rd1 Kf8 74. Kd7 Kf7 75. Rf1+ Kg6 76. Kc6 1-0

[Event "43rd ch-IND"]
[Site "Visakhapatnam IND"]
[Date "2006.04.08"]
[Round "8"]
[White "Singh, DP."]
[Black "Sriram, J."]
[Result "1-0"]
[WhiteElo "2395"]
[BlackElo "2444"]
[PlyCount "101"]
[EventDate "2006.04.03"]

1. e4 e5 2. Nf3 Nc6 3. Bb5 a6 4. Ba4 Nf6 5. O-O Be7 6. Re1 b5 7. Bb3 d6 8. c3
O-O 9. h3 Na5 10. Bc2 c5 11. d4 Qc7 12. Nbd2 cxd4 13. cxd4 Nc6 14. Nb3 a5 15.
Be3 a4 16. Nbd2 Bd7 17. Nf1 Rac8 18. Rc1 Qb8 19. Ng3 Rfe8 20. b3 axb3 21. Bxb3
Na5 22. Rxc8 Rxc8 23. Bg5 Nxb3 24. axb3 Be6 25. Qa1 h6 26. Bd2 Bxb3 27. Qa3 Be6
28. d5 Bd7 29. Nxe5 dxe5 30. Qxe7 Re8 31. Qa3 Rc8 32. Re3 Rc4 33. Bc3 Rc8 34.
Qa1 Re8 35. Bb4 Qb6 36. Ra3 Bc8 37. Qc3 Bd7 38. Bc5 Qb8 39. Ra7 Rc8 40. Qa3 Kh7
41. Bd6 Qb6 42. Bxe5 b4 43. Qa1 Rc1+ 44. Qxc1 Qxa7 45. Qb2 Qa3 46. Bxf6 gxf6
47. Qxf6 Be8 48. Kh2 b3 49. d6 Qc1 50. f4 b2 51. Nh5 1-0

[Event "43rd ch-IND"]
[Site "Visakhapatnam IND"]
[Date "2006.04.08"]
[Round "9"]
[White "Arun Prasad, S."]
[Black "Singh, DP."]
[Result "0-1"]
[WhiteElo "2384"]
[BlackElo "2395"]
[PlyCount "84"]
[EventDate "2006.04.03"]

1. c4 Nf6 2. Nc3 g6 3. g3 Bg7 4. Bg2 O-O 5. e4 d6 6. Nge2 c5 7. O-O Nc6 8. h3
a6 9. a4 Bd7 10. d3 Qc8 11. Kh2 Qd8 12. Be3 Qb6 13. Kh1 Nd4 14. Rb1 e5 15. g4
Qd8 16. Kg1 h5 17. f3 Nh7 18. Nd5 Bc6 19. b3 Bd7 20. gxh5 Nf6 21. Nxf6+ Qxf6
22. f4 Qh4 23. Bxd4 cxd4 24. f5 Bh6 25. Kh1 gxh5 26. Qe1 Qxe1 27. Rbxe1 h4 28.
Ng1 Kh7 29. Ra1 Rg8 30. Nf3 Rg3 31. Rad1 Rag8 32. Rf2 Be3 33. Re2 Bg5 34. c5
dxc5 35. Nxe5 Bb5 36. Nxf7 Bxd3 37. Rxd3 Rxd3 38. Re1 Rg3 39. Ne5 Bd2 40. Re2
Bf4 41. Ng4 R8xg4 42. hxg4 d3 0-1

[Event "43rd ch-IND"]
[Site "Visakhapatnam IND"]
[Date "2006.04.09"]
[Round "10"]
[White "Singh, DP."]
[Black "Venkatesh, M."]
[Result "1/2-1/2"]
[WhiteElo "2395"]
[BlackElo "2438"]
[PlyCount "67"]
[EventDate "2006.04.03"]

1. Nf3 Nf6 2. d4 b6 3. g3 Bb7 4. Bg2 e6 5. c4 Bb4+ 6. Bd2 a5 7. Nc3 O-O 8. O-O
d6 9. Re1 Nbd7 10. Qc2 Bxc3 11. Bxc3 Be4 12. Qa4 Qc8 13. Nh4 Rd8 14. Bxe4 Nxe4
15. f3 Nxc3 16. bxc3 Qa6 17. Rab1 Rac8 18. e4 c6 19. f4 h6 20. Re3 Rc7 21. f5
e5 22. Nf3 Re8 23. Ree1 Nf6 24. Qa3 Qxc4 25. Qxd6 Rce7 26. Rxb6 Qxa2 27. dxe5
Rd7 28. Qc5 Ng4 29. Rbb1 Rxe5 30. Qb6 Rb7 31. Ra1 Qc2 32. Rac1 Rxb6 33. Rxc2
Rc5 34. e5 1/2-1/2

[Event "43rd ch-IND"]
[Site "Visakhapatnam IND"]
[Date "2006.04.10"]
[Round "11"]
[White "Das, Ar"]
[Black "Singh, DP."]
[Result "0-1"]
[WhiteElo "2402"]
[BlackElo "2395"]
[PlyCount "90"]
[EventDate "2006.04.03"]

1. e4 c6 2. d4 Na6 3. Nc3 Nc7 4. Bf4 Ne6 5. Be3 d5 6. Qd2 Nf6 7. f3 a5 8. O-O-O
b5 9. g4 Nc7 10. g5 Nh5 11. Nge2 a4 12. Ng3 Nxg3 13. hxg3 a3 14. b3 e6 15. Ne2
Bd6 16. e5 Be7 17. Kb1 b4 18. c3 bxc3 19. Nxc3 Ba6 20. Bg2 Rb8 21. Ka1 Bb7 22.
Na4 Na6 23. Rc1 Nb4 24. Bf1 Qa5 25. Nc5 Bc8 26. Bd3 g6 27. Be2 Kf8 28. Rh2 Kg7
29. g4 Qc7 30. Qe1 Bxc5 31. Rxc5 Qb6 32. Bb5 Qa5 33. Bd2 Rxb5 34. Rxb5 Qxb5 35.
Bxb4 Qd3 36. Bc5 Ba6 37. f4 h6 38. gxh6+ Rxh6 39. Rxh6 Kxh6 40. Qh1+ Kg7 41.
Qc1 Qe4 42. Bxa3 Qxd4+ 43. Bb2 Qe4 44. Qxc6 Bc4 45. a4 Bxb3 0-1

[Event "43rd ch-IND"]
[Site "Visakhapatnam IND"]
[Date "2006.04.10"]
[Round "12"]
[White "Singh, DP."]
[Black "Sivanandan, B."]
[Result "1-0"]
[WhiteElo "2395"]
[BlackElo "2452"]
[PlyCount "97"]
[EventDate "2006.04.03"]

1. d4 Nf6 2. c4 g6 3. Nc3 d5 4. Bg5 Ne4 5. Bh4 Nxc3 6. bxc3 Bg7 7. e3 c5 8. Nf3
Nc6 9. cxd5 Qxd5 10. Be2 cxd4 11. cxd4 e5 12. dxe5 Qa5+ 13. Qd2 Qxd2+ 14. Kxd2
Nxe5 15. Rab1 O-O 16. Nd4 Nc6 17. Nxc6 bxc6 18. Rhc1 Be6 19. Bc4 Rfe8 20. Rb7
Bf8 21. Bxe6 Rxe6 22. Rc4 a5 23. h3 h6 24. Kc2 Bb4 25. Rc7 g5 26. Bg3 c5 27.
Kb2 Rf6 28. a3 Be1 29. Rc2 Rb8+ 30. Kc1 Rb3 31. Kd1 Bc3 32. Rxc5 Rb1+ 33. Ke2
Re1+ 34. Kd3 Ba1 35. Rxa5 Rg1 36. a4 Rxg2 37. Ra8+ Kh7 38. Rc1 Bb2 39. Rf1 Ba3
40. a5 h5 41. Rb1 Rf5 42. Ke4 Rc5 43. a6 h4 44. Be5 Rxe5+ 45. Kxe5 Rxf2 46. a7
Ra2 47. Rh8+ Kxh8 48. a8=Q+ Kg7 49. Qd8 1-0

[Event "43rd ch-IND"]
[Site "Visakhapatnam IND"]
[Date "2006.04.12"]
[Round "13"]
[White "Girinath, P."]
[Black "Singh, DP."]
[Result "1-0"]
[WhiteElo "2350"]
[BlackElo "2395"]
[PlyCount "93"]
[EventDate "2006.04.03"]

1. e4 c5 2. Nf3 Nc6 3. Bb5 Nf6 4. Qe2 Qb6 5. a4 a6 6. Bxc6 bxc6 7. e5 Nd5 8.
O-O Qb4 9. d3 e6 10. c4 Ne7 11. Nc3 Nf5 12. g4 Nd4 13. Nxd4 cxd4 14. Ne4 c5 15.
f4 Bb7 16. f5 Bc6 17. Bg5 h6 18. Bh4 Rb8 19. Rf2 Qb7 20. Nd6+ Bxd6 21. exd6 O-O
22. Be7 Rfe8 23. fxe6 dxe6 24. Raf1 Rxe7 25. dxe7 Be8 26. Qe5 Rc8 27. g5 Qc7
28. Qxc7 Rxc7 29. gxh6 gxh6 30. a5 f5 31. b4 cxb4 32. Rb1 Rb7 33. Rfb2 e5 34.
Rxb4 Rxe7 35. c5 Bb5 36. Rc1 Re8 37. c6 Kf7 38. Rxb5 axb5 39. a6 Ke6 40. c7 Rc8
41. a7 Kd7 42. Rc5 Kd6 43. a8=Q Rxa8 44. c8=Q Rxc8 45. Rxc8 e4 46. Kf2 Ke5 47.
Rc5+ 1-0

[Event "43rd ch-IND"]
[Site "Visakhapatnam IND"]
[Date "2006.04.12"]
[Round "14"]
[White "Singh, DP."]
[Black "Koneru, H."]
[Result "1-0"]
[WhiteElo "2395"]
[BlackElo "2537"]
[PlyCount "119"]
[EventDate "2006.04.03"]

1. d4 Nf6 2. c4 e6 3. Nc3 Bb4 4. e3 O-O 5. Bd3 d5 6. Nf3 b6 7. cxd5 exd5 8. Ne5
Bb7 9. O-O Nbd7 10. f4 c5 11. Qf3 Bxc3 12. bxc3 Ne4 13. Bxe4 dxe4 14. Qg4 Nf6
15. Qg3 Nd5 16. c4 Ne7 17. dxc5 f6 18. Ng4 Nf5 19. Qh3 bxc5 20. Nf2 Bc8 21. Qh5
Qe8 22. Qxe8 Rxe8 23. g4 Nh6 24. h3 f5 25. g5 Nf7 26. Ba3 Be6 27. Bxc5 Rec8 28.
Bd4 Rxc4 29. a4 Nd8 30. Rfc1 Nc6 31. Rxc4 Bxc4 32. Bc3 Rb8 33. Rc1 Bd5 34. Nh1
Rb3 35. Ng3 g6 36. Ne2 Kf7 37. Nd4 Rb7 38. Kf2 a6 39. a5 Nb8 40. Ba1 Nd7 41. h4
Ke7 42. Rc8 Kd6 43. h5 Rc7 44. Rh8 Nc5 45. Nxf5+ Kc6 46. Ng7 Nd3+ 47. Kg3 gxh5
48. Rxh7 Kb5 49. Rxh5 Rc1 50. Bd4 Rf1 51. g6 Kc4 52. Rxd5 Kxd5 53. Nf5 Ke6 54.
Nh6 Rf3+ 55. Kh4 Nf2 56. f5+ Ke7 57. f6+ Ke6 58. g7 Rh3+ 59. Kg5 Rg3+ 60. Kh5
1-0

[Event "43rd ch-IND"]
[Site "Visakhapatnam IND"]
[Date "2006.04.13"]
[Round "15"]
[White "Kamble, V."]
[Black "Singh, DP."]
[Result "0-1"]
[WhiteElo "2403"]
[BlackElo "2395"]
[PlyCount "56"]
[EventDate "2006.04.03"]

1. d4 Nf6 2. c4 g6 3. Nc3 Bg7 4. e4 d6 5. Be2 O-O 6. Nf3 e5 7. O-O Nc6 8. d5
Ne7 9. b4 a5 10. bxa5 Rxa5 11. a4 Nd7 12. Ba3 f5 13. Bb4 Ra8 14. Ng5 Nc5 15.
Bxc5 dxc5 16. Rb1 Ra6 17. Rb5 b6 18. Rb3 fxe4 19. Ncxe4 Nf5 20. Bg4 h6 21. Nf3
Rxa4 22. d6 cxd6 23. Rd3 Rxc4 24. Qb3 d5 25. Rfd1 Rxe4 26. Rxd5 Be6 27. Bxf5
gxf5 28. Rxd8 Bxb3 0-1

[Event "43rd ch-IND"]
[Site "Visakhapatnam IND"]
[Date "2006.04.14"]
[Round "16"]
[White "Singh, DP."]
[Black "Kunte, A."]
[Result "1/2-1/2"]
[WhiteElo "2395"]
[BlackElo "2551"]
[PlyCount "82"]
[EventDate "2006.04.03"]

1. e4 c5 2. Nf3 e6 3. d4 cxd4 4. Nxd4 Nf6 5. Nc3 d6 6. Be2 Be7 7. O-O a6 8. a4
O-O 9. Be3 Nc6 10. f4 Qc7 11. Kh1 Re8 12. Bf3 Rb8 13. Qd2 Bf8 14. Rad1 Nd7 15.
Qf2 Nxd4 16. Bxd4 b6 17. f5 Ne5 18. Be2 g6 19. Qh4 Bg7 20. f6 Bf8 21. Qf2 Qc6
22. Qg3 b5 23. Bxe5 dxe5 24. Qxe5 Bd7 25. axb5 axb5 26. Rxd7 Qxd7 27. Bxb5 Qd2
28. Bxe8 Rxe8 29. Qb5 Rd8 30. Qb6 Ra8 31. Rd1 Qxc2 32. Qb7 Re8 33. e5 Bh6 34.
h3 Bf8 35. Ra1 Rd8 36. Qc7 Qxb2 37. Rb1 Qxb1+ 38. Nxb1 Rd1+ 39. Kh2 Rxb1 40.
Qc3 Rd1 41. Kg3 h6 1/2-1/2

[Event "43rd ch-IND"]
[Site "Visakhapatnam IND"]
[Date "2006.04.14"]
[Round "17"]
[White "Deepan, C."]
[Black "Singh, DP."]
[Result "1-0"]
[WhiteElo "2428"]
[BlackElo "2395"]
[PlyCount "116"]
[EventDate "2006.04.03"]

1. e4 e5 2. Nf3 Nc6 3. Bb5 a6 4. Ba4 Nf6 5. O-O Be7 6. Re1 b5 7. Bb3 d6 8. c3
O-O 9. d4 Bg4 10. Be3 d5 11. exd5 Nxd5 12. dxe5 Nxe3 13. Rxe3 Bc5 14. Re1 Re8
15. Qxd8 Raxd8 16. Nbd2 Bb6 17. h3 Bf5 18. g4 Bc8 19. Rad1 h6 20. a3 Ne7 21.
Kg2 Ng6 22. Kg3 Bb7 23. Bc2 c5 24. Be4 Bxe4 25. Nxe4 Rxd1 26. Rxd1 Nxe5 27.
Nxe5 Rxe5 28. Kf3 c4 29. Rd6 Re6 30. Rxe6 fxe6 31. a4 bxa4 32. Nd6 a3 33. bxa3
Ba5 34. Nxc4 Bxc3 35. Ke4 Kf7 36. Kd3 Bf6 37. Nd6+ Kg6 38. Ne4 Bd8 39. Kc4 h5
40. a4 hxg4 41. hxg4 Kf7 42. Kc5 Ba5 43. Kc6 Bb4 44. Kb6 a5 45. Kc6 Ke8 46. f3
Ke7 47. Kb5 Be1 48. Kc5 Kd7 49. Kb5 Ke7 50. Kc4 Bb4 51. Kd4 Kd8 52. Nc5 Ke7 53.
Nd3 Bd6 54. Kc4 Kd7 55. Kb5 Bc7 56. Nb2 Kd6 57. Nc4+ Kd5 58. Nxa5 e5 1-0

[Event "43rd ch-IND"]
[Site "Visakhapatnam IND"]
[Date "2006.04.15"]
[Round "18"]
[White "Singh, DP."]
[Black "Sundararajan, K."]
[Result "1-0"]
[WhiteElo "2395"]
[BlackElo "2495"]
[PlyCount "89"]
[EventDate "2006.04.03"]

1. d4 Nf6 2. c4 e6 3. Nf3 c5 4. Nc3 cxd4 5. Nxd4 Bb4 6. g3 O-O 7. Bg2 d5 8.
cxd5 Nxd5 9. Qb3 Qa5 10. Bd2 Nc6 11. Nxc6 bxc6 12. O-O Bxc3 13. Bxc3 Nxc3 14.
bxc3 Ba6 15. Qb4 Qe5 16. Rfe1 Rab8 17. Qa3 Rb6 18. Rad1 Rfb8 19. Qe7 Qf6 20.
Qc5 g6 21. e4 e5 22. a4 Rb2 23. Rd6 Rb1 24. Rf1 Qg5 25. c4 R1b4 26. Rfd1 Rb1
27. Bf3 Rxd1+ 28. Bxd1 Rf8 29. f4 Qh6 30. Qxe5 Bxc4 31. Qd4 Be6 32. f5 Bc8 33.
Rxc6 Qg5 34. f6 Be6 35. Rc5 Qh6 36. Rc7 a5 37. Rc5 Ra8 38. Rxa5 Rxa5 39. Qd8+
Qf8 40. Qxa5 h6 41. Qc3 Qa8 42. Qd4 Qa6 43. Qd8+ Kh7 44. Qf8 Qb6+ 45. Kh1 1-0

[Event "43rd ch-IND"]
[Site "Visakhapatnam IND"]
[Date "2006.04.16"]
[Round "20"]
[White "Singh, DP."]
[Black "Gupta, Ab"]
[Result "1-0"]
[WhiteElo "2395"]
[BlackElo "2434"]
[PlyCount "81"]
[EventDate "2006.04.03"]

1. d4 Nf6 2. c4 g6 3. Nc3 d5 4. Bg5 Ne4 5. Bh4 Nxc3 6. bxc3 dxc4 7. e3 Be6 8.
Nf3 c6 9. Rb1 b5 10. a4 a6 11. Be2 Bg7 12. Ng5 Bd5 13. e4 h6 14. exd5 hxg5 15.
Bxg5 Qxd5 16. h4 O-O 17. Bf3 Qd6 18. h5 e5 19. Kf1 exd4 20. cxd4 Nd7 21. d5 c5
22. hxg6 fxg6 23. Bg4 Rae8 24. Be6+ Rxe6 25. dxe6 Bd4 26. Be3 Ne5 27. axb5 c3
28. Bxd4 cxd4 29. e7 Re8 30. b6 Kg7 31. Qa4 Rxe7 32. b7 Nd7 33. Qc4 Re8 34. Rh4
Ne5 35. Qc8 c2 36. Qxc2 Nc6 37. Rc1 d3 38. Qc3+ Re5 39. Rd4 Nxd4 40. Qc7+ Qxc7
41. Rxc7+ 1-0

[Event "43rd ch-IND"]
[Site "Visakhapatnam IND"]
[Date "2006.04.17"]
[Round "21"]
[White "Ramesh, R."]
[Black "Singh, DP."]
[Result "0-1"]
[WhiteElo "2491"]
[BlackElo "2395"]
[PlyCount "155"]
[EventDate "2006.04.03"]

1. e4 e5 2. Nf3 Nc6 3. Bb5 a6 4. Ba4 b5 5. Bb3 Nf6 6. O-O Be7 7. d3 d6 8. c3
O-O 9. Nbd2 Nd7 10. Re1 Na5 11. Bc2 c5 12. Nf1 Nb6 13. h3 Nc6 14. Ng3 Bd7 15.
d4 cxd4 16. cxd4 exd4 17. Nxd4 Nxd4 18. Qxd4 Bf6 19. Qxd6 Nc4 20. Qd3 Be6 21.
Qe2 Qc7 22. Nh5 Be5 23. f4 Bd4+ 24. Kh1 f6 25. Rb1 Rac8 26. Bd3 Qe7 27. Rd1
Rfd8 28. b3 Na3 29. Bxa3 Qxa3 30. Ng3 g6 31. Rf1 Rc7 32. Rbd1 Rcd7 33. Bb1 Qb2
34. Rd2 Qc3 35. Rd3 Qc7 36. Qf3 Bf7 37. Qg4 Bb2 38. Rdf3 Kh8 39. e5 Bd5 40.
R3f2 Bd4 41. Rc2 Qb8 42. Re2 f5 43. Qg5 Qb6 44. Rfe1 Be6 45. Kh2 Bc5 46. Bxf5
gxf5 47. Nxf5 Bxf5 48. Qxf5 Rd5 49. Rc2 Rf8 50. Qg5 Be3 51. Rf1 Rd4 52. g3 Rd7
53. Qg4 Rfd8 54. h4 Rg7 55. Qf3 Rdg8 56. Rg2 Qc5 57. Re1 Bd4 58. Re4 Rf8 59.
Qd3 Rd8 60. Qf3 Qc6 61. Qe2 Re7 62. Kh3 Bc3 63. Qf3 b4 64. Rge2 Rf8 65. Qe3
Qe6+ 66. Kh2 Rd7 67. Qf3 a5 68. Qe3 Rd1 69. Kg2 Rfd8 70. Qf3 Qc6 71. R4e3 Qxf3+
72. Rxf3 Kg7 73. h5 R8d2 74. Rff2 Rxe2 75. Rxe2 Kf7 76. Kh3 Ke6 77. Kg4 h6 78.
Re4 0-1